Arte rupestre sahariano /

Guardado en:
Formato: Deslizar
Series:Patrimonio Mundial
Materias:
Etiquetas: Agregar Etiqueta
Sin Etiquetas, Sea el primero en etiquetar este registro!
LEADER 00854ngm a22002775g 4500
001 CEM.cems021420
008 130507b1992##################0###0#####d
005 20240822203943.0
245 0 0 |a Arte rupestre sahariano / 
300 |a 10 
490 0 |a Patrimonio Mundial 
500 |a En soporte VHS, consultar en ventanilla. 
505 0 |a Pinturas rupestres de la Meseta de Tassili (Africa). Períodos. Características. 
538 |a Soporte: VHS - Norma: Pal N - Color - Grabación Drd 1992 - Hitachi:3567 
082 7 0 |/ PAT 
653 |a ARTE 
653 |a ARTE RUPESTRE 
653 |a HISTORIA 
653 |a GEOGRAFIA 
653 |a PINTURAS RUPESTRES 
653 |a TASSILI 
653 |a AFRICA-ARTE 
653 |a AFRICA 
653 |a RUPESTRE 
653 |a NIVEL SECUNDARIO 
859 |a CEMS  |b BIB. CEMS - Depto. Recursos Didacticos  |h 700  |i PAT  |k DRD  |p 63.12  |t Ej.1